ბათუმის შოთა რუსთაველის სახელმწიფო უნივერსიტეტის ბიბლიოთეკა

100 Stunden Deutschland : (ბიბ.ჩანაწერი № 63853)

000 -LEADER
fixed length control field 00476nam a2200169 4500
003 - CONTROL NUMBER IDENTIFIER
control field Ge_BSU
005 - DATE AND TIME OF LATEST TRANSACTION
control field 20260206113906.0
008 - FIXED-LENGTH DATA ELEMENTS--GENERAL INFORMATION
fixed length control field 260206s2017 gw ||||| |||| 00| 0 goh d
020 ## - INTERNATIONAL STANDARD BOOK NUMBER
International Standard Book Number 9783126752206x
041 ## - LANGUAGE CODE
Language code of text/sound track or separate title goh
080 ## - UNIVERSAL DECIMAL CLASSIFICATION NUMBER
Universal Decimal Classification number 811.112.1 S-90
245 ## - TITLE STATEMENT
Title 100 Stunden Deutschland :
Remainder of title Lehrerhandbuch mit Audio-CD /
264 ## - PRODUCTION, PUBLICATION, DISTRIBUTION, MANUFACTURE, AND COPYRIGHT NOTICE
Place of production, publication, distribution, manufacture Stuttgart,
Date of production, publication, distribution, manufacture, or copyright notice 2017.
300 ## - PHYSICAL DESCRIPTION
Extent 64 p. ;
Other physical details +1 CD.
Dimensions 28 cm.
653 ## - INDEX TERM--UNCONTROLLED
keyword გერმანული ენა
942 ## - ADDED ENTRY ELEMENTS (KOHA)
Source of classification or shelving scheme
Koha item type წიგნი
ეგზემპლარები
Withdrawn status Lost status Source of classification or shelving scheme Damaged status Not for loan Permanent Location Current Location Shelving location Date acquired Cost, normal purchase price Full call number Barcode Date last seen Copy number Uniform Resource Identifier Price effective from Koha item type Public note
          ბათუმის შოთა რუსთაველის სახელმწიფო უნივერსიტეტის მთავარი ბიბლიოთეკა ბათუმის შოთა რუსთაველის სახელმწიფო უნივერსიტეტის მთავარი ბიბლიოთეკა წიგნსაცავი 2026-02-06 90.00 811.112.1 S-90 73641 2026-02-06 73641 ტენდერი N 404952306 2026-02-06 წიგნი 90 ლ.
          ბათუმის შოთა რუსთაველის სახელმწიფო უნივერსიტეტის მთავარი ბიბლიოთეკა ბათუმის შოთა რუსთაველის სახელმწიფო უნივერსიტეტის მთავარი ბიბლიოთეკა წიგნსაცავი 2026-02-06 90.00 811.112.1 S-90 73640 2026-02-06 73640 ტენდერი N 404952306 2026-02-06 წიგნი 90 ლ.